LEADER 00929nam2 22002653i 450 001 MIL0068787 005 20251003044221.0 010 $a0818608218 100 $a20080507d1990 ||||0itac50 ba 101 | $aeng 102 $aus 181 1$6z01$ai $bxxxe 182 1$6z01$an 200 1 $aˆ1: ‰Concepts$fGerald E. Peterson 210 $aLos Alamitos$cIEEE computer society press$dc1990 215 $aVIII, 205 p.$cill.$d28 cm. 461 1$1001MIL0068761$12001 $aObject-oriented computing$etutorial$fGerald E. Peterson$v1 700 1$aPeterson$b, Gerald E.$3MILV047704$4070$059794 801 3$aIT$bIT-000000$c20080507 850 $aIT-BN0095 912 $aMIL0068787 950 2$aBiblioteca Centralizzata di Ateneo$cv. 1$d 01SALA DING 005.1 PET.ob$e 0102 0000010275 VMA A4(0001 v. 1$fY $h20080507$i20080507 977 $a 01 996 $aConcepts$9929428 997 $aUNISANNIO